[Event "Quebec op U1700"]
[Site "Montreal"]
[Date "2016.07.24"]
[Round "3.4"]
[White "Milosz, Jerzy"]
[Black "Varfalvy, Peter"]
[Result "1/2-1/2"]
[WhiteElo "1590"]
[BlackElo "1404"]
[PlyCount "126"]
[EventDate "2016.07.23"]
[EventType "swiss"]
[EventRounds "8"]
[EventCountry "CAN"]
[SourceTitle "EXT 2022"]
[Source "ChessBase"]
[SourceDate "2021.10.06"]
[SourceVersion "1"]
[SourceVersionDate "2021.10.06"]
[SourceQuality "1"]

1. e4 c6 2. d4 d5 3. exd5 cxd5 4. c4 Nf6 5. Nc3 e6 6. Nf3 Nc6 7. cxd5 Nxd5 8. Bb5 Bb4 9. Bd2 0-0 10. Bxc6 bxc6 11. Nxd5 Bxd2+ 12. Qxd2 Qxd5 13. 0-0 c5 14. dxc5 Qxc5 15. Rac1 Qe7 16. Qa5 Qf6 17. Qb5 a5 18. Rfd1 Ba6 19. Qe5 Rfc8 20. Qxf6 gxf6 21. Rc3 Rxc3 22. bxc3 Rc8 23. Rc1 Kf8 24. Nd2 Rd8 25. Ne4 f5 26. Nc5 Bc4 27. a3 Rd5 28. Na4 Rb5 29. f3 Rb3 30. h3 Bb5 31. Nb6 Ba6 32. Nd7+ Ke7 33. Nc5 Rb6 34. Nxa6 Rxa6 35. Rb1 Ra7 36. Rb6 Rc7 37. Ra6 Rc5 38. Kf2 Rxc3 39. Rxa5 f4 40. h4 Kf6 41. a4 Ra3 42. g4 Ra2+ 43. Ke1 h6 44. Kf1 Kg6 45. Ra8 Ra1+ 46. Ke2 Ra2+ 47. Kd3 f5 48. gxf5+ exf5 49. a5 Ra3+ 50. Ke2 Ra2+ 51. Kd3 Kh5 52. a6 Ra3+ 53. Ke2 Ra2+ 54. Kf1 Kxh4 55. a7 h5 56. Ke1 Kh3 57. Kf1 h4 58. Kg1 Ra1+ 59. Kf2 Ra2+ 60. Kf1 Kh2 61. Ke1 h3 62. Kf1 Ra1+ 63. Kf2 Ra2+ 1/2-1/2

[Event "Montreal Pere Noel U1800"]
[Site "Montreal"]
[Date "2012.12.29"]
[Round "4.18"]
[White "Milosz, Jerzy"]
[Black "Heredia, Jose"]
[Result "1/2-1/2"]
[WhiteElo "1539"]
[BlackElo "1619"]
[PlyCount "96"]
[EventDate "2012.12.26"]
[EventType "swiss"]
[EventRounds "5"]
[EventCountry "CAN"]
[SourceTitle "EXT 2022"]
[Source "ChessBase"]
[SourceDate "2021.10.06"]
[SourceVersion "1"]
[SourceVersionDate "2021.10.06"]
[SourceQuality "1"]

1. e4 c6 2. d4 d5 3. Nc3 dxe4 4. Nxe4 Nd7 5. Nf3 Ngf6 6. Nxf6+ Nxf6 7. Be2 e6 8. 0-0 c5 9. c3 Bd7 10. Ne5 a6 11. Be3 Qc7 12. Nxd7 Nxd7 13. Qa4 Bd6 14. g3 0-0 15. dxc5 Bxc5 16. Bxc5 Nxc5 17. Qh4 Nd7 18. Rad1 Nf6 19. Rd4 Rfd8 20. Rfd1 Rxd4 21. Qxd4 Kf8 22. Bf3 Rb8 23. Qd6+ Qxd6 24. Rxd6 b6 25. b3 Ke7 26. Rd1 a5 27. c4 Rd8 28. Rxd8 Kxd8 29. Kf1 Kc7 30. Ke2 Kd6 31. Kd3 Kc5 32. a3 Nd7 33. Kc3 h6 34. b4+ axb4+ 35. axb4+ Kd6 36. h4 Ke5 37. Bc6 Nb8 38. Bb5 g5 39. hxg5 hxg5 40. f3 f5 41. Kd3 Kd6 42. Kd4 e5+ 43. Ke3 Nc6 44. Bxc6 Kxc6 45. f4 exf4+ 46. gxf4 g4 47. Kf2 Kd6 48. Ke3 Kc6 1/2-1/2

[Event "Montreal Pere Noel U1800"]
[Site "Montreal"]
[Date "2012.12.28"]
[Round "3.19"]
[White "Dumoulin, Sylvain"]
[Black "Milosz, Jerzy"]
[Result "1/2-1/2"]
[WhiteElo "1733"]
[BlackElo "1539"]
[PlyCount "73"]
[EventDate "2012.12.26"]
[EventType "swiss"]
[EventRounds "5"]
[EventCountry "CAN"]
[SourceTitle "EXT 2022"]
[Source "ChessBase"]
[SourceDate "2021.10.06"]
[SourceVersion "1"]
[SourceVersionDate "2021.10.06"]
[SourceQuality "1"]

1. Nc3 c6 2. e4 d5 3. g3 d4 4. Nce2 e5 5. d3 Bb4+ 6. Bd2 Bxd2+ 7. Qxd2 Nf6 8. Nf3 Qe7 9. Bg2 0-0 10. 0-0 Bg4 11. Nh4 Na6 12. Nf5 Bxf5 13. exf5 Qd7 14. Bh3 Rfe8 15. f3 Nc7 16. g4 Nfd5 17. Ng3 Nf4 18. Bg2 Ncd5 19. Rae1 Ne3 20. Rf2 Nexg2 21. Rxg2 Nxg2 22. Kxg2 f6 23. Ne4 b6 24. h4 Rf8 25. h5 h6 26. b3 Rad8 27. a4 c5 28. Qc1 Qc6 29. Qa3 a5 30. Re2 Rd7 31. Kf2 Rc7 32. Nd2 b5 33. axb5 Qxb5 34. Nc4 Ra7 35. Nb2 Qb4 36. Qa2 Rfa8 37. Na4 1/2-1/2